00899nam a2200229 a 45000050016000000080041000160100017000570200026000740350017001000370021001170400018001380820006001561000017001622450037001792600033002162700068002493000022003174900027003395000032003665000116003985200155005142009121202202.0060711r20081994mnua j 000 1 eng  aB-384979-981 a9781846470141c110.00 aB-384979-981 bBlueberry Books  adplbEnglish  aS aRodda, Emily aThe magic key /cby Emily Rodda  aLondon bCatnip Books c2006 aIslington Business Centre, 3-5 Islington High Street, bLondon  a87 p. c20cm(pbk) aFairy realm ;vbook. 5 aSequel: The flower fairies. a"Originally published under the name Mary-Anne Dickinson as the Storytelling charms series, 1994"--Copyright p. aWhen Jessie searches for her ill grandmother's missing charm bracelet, she is led to a magical world and finds she has a reason and right to be there.